000 00939nam a22002417a 4500
999 _c65438
_d65438
005 20240530110824.0
008 190711s2018 ua a g 000 0 ara d
017 _bمصر. دار الكتب
_a2018/13076
020 _a9789776543775
040 _aEG-CaGPL
_cEG-CaGPL
082 0 4 _221
_a303.6 /
_bهـ ع
100 0 _aهبة البدوى
245 1 2 _aالعنف السياسى بين المشروعية واللامشروعية :
_bدراسة فى الفكر السياسى الحديث والمعاصر /
_cهبة البدوى
250 _aط.1
260 _aالقاهرة :
_bروابط للنشر وتقنية المعلومات،
_c2018 .
300 _a164 ص. ؛
_c24 سم.
504 _aيشتمل على ارجاعات ببليوجرافية
650 0 7 _aالعنف
_2qrmak
650 0 7 _aالسياسة والعنف
_2qrmak
651 _2qrmak
942 _2ddc
_cBK